| 000 | 00460nam a22001217a 4500 | ||
|---|---|---|---|
| 999 |
_c21327 _d21327 |
||
| 008 | 240905b ||||| |||| 00| 0 eng d | ||
| 100 |
_aBicomong-Dueñas, Myrna. _eauthor. _960201 |
||
| 245 |
_aPagbabago ng klima / _cMyrna Bicomong-Dueñas. |
||
| 260 |
_aPhilippines; _bPublishers Association of the Philippines, Inc., _cJune 2019. |
||
| 300 |
_aVolume 168, pages 33-34, _billustration. |
||
| 700 |
_aBicomong-Dueñas, Myrna. _eauthor. _960201 |
||
| 942 |
_2ddc _cPER |
||